American Books - Sudden Death - Statistics

General Stats
  • This quiz has been taken 48 times
  • The average score is 7 of 12
Answers on the Grid
Answers color-coded by a green-red scale on the quiz's grid according to % correct below.
Moby Dick
Oliver Twist
The Great Gatsby
The Catcher in the Rye
War and Peace
The Scarlet Letter
Pride and Prejudice
Jane Eyre
To Kill a Mockingbird
1984
Heart of Darkness
The Sun Also Rises
The Little Prince
The Grapes of Wrath
The Metamorphosis
Beloved
Invisible Man
Frankenstein
Gone with the Wind
Absalom, Absalom!
Wuthering Heights
Crime and Punishment
Madame Bovary
Gravity's Rainbow
 
Answer Stats
Answer % Correct
Moby Dick
85%
The Great Gatsby
85%
The Catcher in the Rye
79%
To Kill a Mockingbird
74%
The Grapes of Wrath
59%
Gone with the Wind
56%
The Scarlet Letter
56%
The Sun Also Rises
47%
Beloved
44%
Gravity's Rainbow
41%
Absalom, Absalom!
35%
Invisible Man
32%
No matching quizzes found
Score Distribution
Percent of People with Each Score
Percentile by Number Answered
Your Score History
You have not taken this quiz